Quiz dos estados brasileiros - Acre - Statistics

Estatísticas Gerais
  • Esse quiz foi jogado 98 vezes
  • A pontuação média é 13 de 21
Estatísticas das Respostas
Dica Resposta % Correto
Capital Rio Branco
100%
3 cidades mais populosas Rio Branco
100%
O Brasil adquiriu o Acre desse país através de troca territoriais, pagamentos e ajuda comercial Bolívia
93%
O Acre é o único estado brasileiro que usa um fuso-horário próprio, tendo __ horas de diferença de Brasília 2
90%
Quantidade de vezes que o Acre tentou tornar-se uma república independente durante a revolução acriana (1899-1903) 3
87%
Produto que impulsionou a economia local no passado borracha
81%
A capital leva o nome em homenagem do diplomata que negociou a aquisição do estado. Diplomata esse que aparece nas moedas de ___ centavos 50
78%
Os primeiros imigrantes brasileiros do Acre vieram desse estado do nordeste Ceará
74%
Política conhecida por candidatar-se repetidamente a presidência Marina Silva
71%
País que prometia apoio militar à nação citada contra o Brasil no caso de guerra pelo Acre Estados Unidos
69%
Árvore em que se retira a forma base do produto mencionado seringueira
69%
3 cidades mais populosas Cruzeiro do Sul
62%
Conforme costume popular difundido no restante do Brasil: "O Acre não _____" existe
60%
Ambientalista de renome internacional Chico Mendes
50%
Escritora de telenovela Glória Perez
43%
Durante esse conflito o estado foi uma das únicas fontes do produto citado para as forças aliadas Segunda Guerra Mundial
32%
Político considerado maior ícone do conservadorismo do país Enéas Carneiro
31%
Produto que representa cerca de 50% das exportações do estado madeira
29%
3 cidades mais populosas Sena Madureira
26%
Líder da revolução acriana Gálvez
25%
Semente que representa cerca de 30% das exportações do estado castanha
16%
Nenhum quiz correspondente encontrado
Distribuição das Pontuações
Porcentagem de Pessoas com Cada Pontuação
Percentil de Números Respondidos
Sua Pontuação Histórica
Você não jogou esse quiz